000 00434nam a2200157 i 4500
001 76043
003 ES-MaACL
005 20230906172711.0
007 t|
008 040929s1972 sp ||||1| spa d
100 1 _aGuardiola, Antonio R.
_960321
245 1 0 _aHumo de Kif
_b: (poemas) /
_cAntonio R. Guardiola.
260 _aCeuta :
_b[s.n.,
_c1972] (
_fOlimpia)
300 _a206 p. ;
_c21 cm.
852 _aES-MaACL
_jC-45640
_bR.81919
999 _c76043
_d76043